000 00815nam a2200217Ii 4500
003 JO-AjNU
008 230605s9999||||xx |||||||||||||| ||und||
017 _a33607
040 _aJO-AjNU
_bara
_erda
_cJO-AjNU
041 _aara
050 1 4 _aK5110.M6522.1992
100 3 _a المومني ، أحمد سعيد ,
_eauthor
_946908
245 0 0 _aإعادة الاعتبار ووقف تنفيذ العقوبة : دراسة قانونية مقارنة
250 _aط1
264 3 1 _aعمان : د ، ن ، 1992
300 _a246ص
_bيشتمل على قائمة بالمراجع ص(237-246)
336 _atext
_btxt
_2rdacontent
337 _aunmediated
_bn
_2rdamedia
338 _avolume
_bnc
_2rdacarrier
650 4 _aقانون العقوبات -- الأردن -- قانون جنائي -- الأردن
_946909
999 _aA20440
_c24008
_d24008